[Event "BCF-ch rapidplay 34th"]
[Site "Bingley"]
[Date "2023.04.16"]
[Round "8"]
[White "Patrick, Chaski"]
[Black "Deepak Ambattu, Rithvik"]
[Result "1/2-1/2"]
[WhiteElo "2032"]
[BlackElo "1726"]
[PlyCount "119"]
[EventDate "2023.04.15"]
[EventType "swiss (rapid)"]
[EventRounds "11"]
[EventCountry "ENG"]
[SourceTitle "CBM 213 Extra"]
[Source "ChessBase"]
[SourceDate "2023.05.31"]
[SourceVersion "1"]
[SourceVersionDate "2023.05.31"]
[SourceQuality "1"]

1. e4 c5 2. Nf3 g6 3. Bc4 Bg7 4. 0-0 Nc6 5. c3 e6 6. Qe2 Nge7 7. d4 cxd4 8. Rd1 d5 9. Bb3 dxe4 10. Qxe4 0-0 11. cxd4 Na5 12. Bc2 Qd5 13. Qh4 Nf5 14. Bxf5 Qxf5 15. Nc3 h5 16. Ne4 Bd7 17. Bd2 Bc6 18. Nd6 Qd5 19. Bxa5 Qxa5 20. Nc4 Qd5 21. Nce5 Qd8 22. Qxd8 Rfxd8 23. Nxc6 bxc6 24. Rac1 Rac8 25. Kf1 c5 26. dxc5 Rxd1+ 27. Rxd1 Rxc5 28. Rd2 Rc1+ 29. Ke2 Bh6 30. Rd8+ Kg7 31. Ne1 Bg5 32. Rd7 a5 33. Ra7 Rc5 34. g3 Bf6 35. Nd3 Rd5 36. f4 h4 37. a3 hxg3 38. hxg3 Bd4 39. Ra6 g5 40. b4 axb4 41. axb4 g4 42. Ra5 Rd6 43. Rg5+ Kf6 44. Rxg4 Kf5 45. Rg8 Ke4 46. Rf8 Be3 47. Nc5+ Bxc5 48. bxc5 Rc6 49. Rxf7 Rxc5 50. Re7 Rc2+ 51. Kd1 Rc6 52. Kd2 Kf3 53. Rg7 Rd6+ 54. Kc3 Rd1 55. Rg6 Rg1 56. Kd4 Rxg3 57. Rf6 Rg4 58. Ke5 Rh4 59. Rf7 Rh6 60. Kd4 1/2-1/2

[Event "BCF-ch rapidplay 34th"]
[Site "Bingley"]
[Date "2023.04.16"]
[Round "10"]
[White "Patrick, Chaski"]
[Black "Lloyd, Stephen M"]
[Result "1-0"]
[WhiteElo "2032"]
[BlackElo "1555"]
[PlyCount "45"]
[EventDate "2023.04.15"]
[EventType "swiss (rapid)"]
[EventRounds "11"]
[EventCountry "ENG"]
[SourceTitle "CBM 213 Extra"]
[Source "ChessBase"]
[SourceDate "2023.05.31"]
[SourceVersion "1"]
[SourceVersionDate "2023.05.31"]
[SourceQuality "1"]

1. e4 c5 2. Nf3 g6 3. Bc4 Bg7 4. 0-0 Nc6 5. c3 d6 6. Qe2 Nf6 7. h3 0-0 8. d4 cxd4 9. cxd4 Bd7 10. Nc3 a6 11. e5 dxe5 12. dxe5 Ne8 13. Rd1 e6 14. Qd3 Nb8 15. Bg5 Qb6 16. Be7 Bc6 17. Ne4 Nd7 18. Bxf8 Bxf8 19. Neg5 Bxf3 20. Qxd7 Qc7 21. Qxc7 Nxc7 22. gxf3 Rc8 23. Rd7 1-0

[Event "BCF-ch rapidplay 34th"]
[Site "Bingley"]
[Date "2023.04.15"]
[Round "3"]
[White "Vijayakumar, Rishi"]
[Black "Patrick, Chaski"]
[Result "1-0"]
[WhiteElo "1846"]
[BlackElo "2032"]
[PlyCount "99"]
[EventDate "2023.04.15"]
[EventType "swiss (rapid)"]
[EventRounds "11"]
[EventCountry "ENG"]
[SourceTitle "CBM 213 Extra"]
[Source "ChessBase"]
[SourceDate "2023.05.31"]
[SourceVersion "1"]
[SourceVersionDate "2023.05.31"]
[SourceQuality "1"]

1. d4 f5 2. Bg5 c6 3. h4 Qb6 4. b3 e6 5. Nf3 d5 6. e3 Nd7 7. c4 Ngf6 8. Nbd2 Ne4 9. Bd3 Bb4 10. a3 Bc3 11. Rb1 0-0 12. Qc2 Ndf6 13. b4 Ng4 14. 0-0 Bxd2 15. Nxd2 Qc7 16. Bf4 Qd8 17. f3 Nxd2 18. Qxd2 Nf6 19. Qe2 Nh5 20. g3 Nxf4 21. exf4 Rf6 22. Qe5 Rg6 23. Kf2 Bd7 24. h5 Rh6 25. Rh1 Qf6 26. g4 Qxe5 27. fxe5 g5 28. gxf5 exf5 29. Rbg1 g4 30. Be2 Rf8 31. fxg4 fxg4+ 32. Ke3 dxc4 33. Bxg4 Bxg4 34. Rxg4+ Kh8 35. Rf4 Rxf4 36. Kxf4 Re6 37. Kf5 Re8 38. e6 Kg7 39. h6+ Kf8 40. Kf6 Re7 41. Rg1 c3 42. Rc1 Ke8 43. Rxc3 Kd8 44. Rg3 Re8 45. Rg7 Rf8+ 46. Ke5 Kc8 47. e7 Re8 48. Ke6 Kc7 49. Rf7 Rg8 50. e8Q+ 1-0

[Event "Hastings Masters op 95th"]
[Site "Hastings"]
[Date "2020.01.01"]
[Round "5"]
[White "Stoyanov, Viktor"]
[Black "Patrick, Chaski"]
[Result "1-0"]
[WhiteElo "2272"]
[BlackElo "2131"]
[PlyCount "83"]
[EventDate "2019.12.28"]
[EventType "swiss"]
[EventRounds "9"]
[EventCountry "ENG"]
[SourceTitle "CBM 194 Extra"]
[Source "ChessBase"]
[SourceDate "2020.03.31"]
[SourceVersion "1"]
[SourceVersionDate "2020.03.31"]
[SourceQuality "1"]

1. d4 Nf6 2. c4 d6 3. Nc3 e5 4. Nf3 exd4 5. Nxd4 Nc6 6. Nxc6 bxc6 7. g3 Bd7 8. Bg2 Be7 9. 0-0 0-0 10. Qc2 a5 11. Rd1 Qc8 12. b3 Ra6 13. c5 d5 14. Be3 Bf5 15. Qd2 Qe6 16. Bd4 Rb8 17. f3 h5 18. e3 Raa8 19. Rac1 Nd7 20. Ne2 g5 21. Ba1 Bf6 22. Nd4 Bxd4 23. Bxd4 f6 24. e4 dxe4 25. fxe4 Bg4 26. Rf1 Ne5 27. h3 Rd8 28. hxg4 Qxg4 29. Qe3 Qe6 30. Rcd1 Kg7 31. Bc3 Kg6 32. Qf2 Rxd1 33. Qf5+ Qxf5 34. exf5+ Kf7 35. Rxd1 Re8 36. Bxa5 Ng4 37. Re1 Ra8 38. Bxc7 Rxa2 39. Bxc6 h4 40. Bf3 Nh2 41. Bh5+ Kg7 42. gxh4 1-0

[Event "Hastings Masters op 95th"]
[Site "Hastings"]
[Date "2019.12.31"]
[Round "4"]
[White "Patrick, Chaski"]
[Black "Kumar, Sanjit S"]
[Result "1-0"]
[WhiteElo "2131"]
[BlackElo "1501"]
[PlyCount "131"]
[EventDate "2019.12.28"]
[EventType "swiss"]
[EventRounds "9"]
[EventCountry "ENG"]
[SourceTitle "CBM 194 Extra"]
[Source "ChessBase"]
[SourceDate "2020.03.31"]
[SourceVersion "1"]
[SourceVersionDate "2020.03.31"]
[SourceQuality "1"]

1. e4 e5 2. Nf3 Nc6 3. Bb5 a6 4. Ba4 Nf6 5. 0-0 Be7 6. Re1 b5 7. Bb3 d6 8. c3 0-0 9. h3 Na5 10. Bc2 c5 11. d3 Bb7 12. Nbd2 Re8 13. Nf1 Bf8 14. Ng3 g6 15. Bd2 Bg7 16. Qc1 Rc8 17. Bh6 Bh8 18. Bg5 Qb6 19. Nh4 b4 20. Ba4 Bc6 21. Bxc6 Rxc6 22. Nhf5 c4 23. d4 exd4 24. Nxd4 Rcc8 25. Qf4 d5 26. e5 Ne4 27. Nxe4 dxe4 28. Rxe4 Nc6 29. Bf6 Nxd4 30. Bxh8 Ne2+ 31. Rxe2 Kxh8 32. Qxf7 bxc3 33. bxc3 Qe6 34. Qxe6 Rxe6 35. Rd1 Rc5 36. f4 g5 37. g3 h5 38. h4 gxf4 39. gxf4 Rg6+ 40. Rg2 Kh7 41. Kf2 Ra5 42. Rxg6 Rxa2+ 43. Kf3 Kxg6 44. Rd6+ Kg7 45. Rc6 Rd2 46. Rxc4 Rd3+ 47. Ke4 Rh3 48. Rc7+ Kf8 49. c4 Rxh4 50. Ra7 Rh1 51. Rxa6 Rc1 52. Rc6 h4 53. Rh6 Rxc4+ 54. Kf5 Rc7 55. Rxh4 Rg7 56. Rh8+ Ke7 57. Ra8 Rg1 58. Ra7+ Ke8 59. Kf6 Re1 60. e6 Kd8 61. e7+ Ke8 62. Ra8+ Kd7 63. Rd8+ Kc7 64. e8Q Rxe8 65. Rxe8 Kd7 66. Kf7 1-0

[Event "Dundee & Angus op"]
[Site "Dundee"]
[Date "2010.10.17"]
[Round "5"]
[White "Robertson, David"]
[Black "Patrick, Chaski"]
[Result "1-0"]
[WhiteElo "1788"]
[BlackElo "2181"]
[PlyCount "104"]
[EventDate "2010.10.15"]
[EventType "swiss"]
[EventRounds "5"]
[EventCountry "SCO"]
[SourceTitle "EXT 2017"]
[Source "ChessBase"]
[SourceDate "2016.10.25"]
[SourceVersion "1"]
[SourceVersionDate "2016.10.25"]
[SourceQuality "1"]

1. d4 Nf6 2. c4 e6 3. Nc3 Bb4 4. Qc2 c5 5. dxc5 Na6 6. a3 Bxc3+ 7. Qxc3 Nxc5 8. f3 d6 9. b4 Na4 10. Qb3 Bd7 11. e4 a6 12. Bg5 h6 13. Bh4 b5 14. Rd1 bxc4 15. Bxc4 Qc7 16. Bg3 Nb6 17. Rd4 Ba4 18. Qc3 e5 19. Bxe5 dxe5 20. Bb5+ axb5 21. Qxc7 exd4 22. Qxb6 0-0 23. Ne2 d3 24. Nc3 Rfd8 25. Nxa4 bxa4 26. Kf2 Rac8 27. Rd1 Rd7 28. Qb5 Rcd8 29. Qxa4 d2 30. Ke2 Ne8 31. b5 Nc7 32. b6 Ne6 33. b7 Rxb7 34. Rxd2 Rxd2+ 35. Kxd2 Rb2+ 36. Ke3 Rxg2 37. Qe8+ Nf8 38. h3 g5 39. a4 Ra2 40. Qb5 Ne6 41. a5 Ra3+ 42. Kf2 Rxf3+ 43. Kg2 Ra3 44. a6 Nf4+ 45. Kf1 Ra1+ 46. Kf2 Nxh3+ 47. Kg3 Ra3+ 48. Kg4 Nf2+ 49. Kf5 Rf3+ 50. Ke5 Ng4+ 51. Kd6 Rf6+ 52. Kd7 Ne5+ 1-0

[Event "Dundee & Angus op"]
[Site "Dundee"]
[Date "2010.10.16"]
[Round "3"]
[White "Sanghera, Parminder"]
[Black "Patrick, Chaski"]
[Result "1/2-1/2"]
[WhiteElo "1920"]
[BlackElo "2181"]
[PlyCount "113"]
[EventDate "2010.10.15"]
[EventType "swiss"]
[EventRounds "5"]
[EventCountry "SCO"]
[SourceTitle "EXT 2017"]
[Source "ChessBase"]
[SourceDate "2016.10.25"]
[SourceVersion "1"]
[SourceVersionDate "2016.10.25"]
[SourceQuality "1"]

1. Nf3 d5 2. c4 c6 3. cxd5 cxd5 4. d4 Nc6 5. Nc3 Nf6 6. Bf4 Nh5 7. Bg5 h6 8. Bh4 g5 9. Bg3 Nxg3 10. hxg3 Bg7 11. e3 g4 12. Ng1 e5 13. Bb5 Be6 14. Nge2 a6 15. Ba4 b5 16. Bc2 exd4 17. exd4 Qb6 18. Rh5 0-0-0 19. Rc1 Rhe8 20. Bb3 f5 21. Kf1 Kb8 22. Nf4 Nxd4 23. Bxd5 b4 24. Nxe6 Nxe6 25. Rxf5 Nc7 26. Qb3 Bxc3 27. bxc3 Rxd5 28. Rxd5 Nxd5 29. Qxd5 bxc3 30. Qd3 Rf8 31. f3 gxf3 32. gxf3 Qe6 33. Kg2 Qxa2+ 34. Rc2 Qe6 35. Rxc3 Rc8 36. Rb3+ Ka8 37. Rb2 Qc6 38. Ra2 Ka7 39. Re2 Rc7 40. Qd2 Rd7 41. Qe3+ Ka8 42. Qb3 Rb7 43. Re6 Rxb3 44. Rxc6 Kb7 45. Rxh6 a5 46. g4 a4 47. Kg3 a3 48. Rh1 a2 49. Ra1 Ra3 50. g5 Kc7 51. Kg4 Kd7 52. Kf5 Ke7 53. Kg6 Kf8 54. f4 Ra6+ 55. Kh7 Ra7+ 56. Kh6 Kf7 57. f5 1/2-1/2

[Event "Dundee & Angus op"]
[Site "Dundee"]
[Date "2010.10.15"]
[Round "2"]
[White "Ferry, Edward"]
[Black "Patrick, Chaski"]
[Result "1-0"]
[WhiteElo "2034"]
[BlackElo "2181"]
[PlyCount "72"]
[EventDate "2010.10.15"]
[EventType "swiss"]
[EventRounds "5"]
[EventCountry "SCO"]
[SourceTitle "EXT 2017"]
[Source "ChessBase"]
[SourceDate "2016.10.25"]
[SourceVersion "1"]
[SourceVersionDate "2016.10.25"]
[SourceQuality "1"]

1. e4 c5 2. Nf3 Nc6 3. d4 cxd4 4. Nxd4 Qb6 5. Nb3 Nf6 6. Nc3 e6 7. Be3 Qc7 8. Bd3 Bb4 9. 0-0 Bxc3 10. bxc3 Ne5 11. f4 Neg4 12. Bd4 e5 13. fxe5 Nxe5 14. Bxe5 Qxe5 15. Rf5 Qxc3 16. e5 Ng8 17. Qf3 Nh6 18. Rf4 Qc6 19. Be4 Qb6+ 20. Kh1 0-0 21. Rd1 d5 22. exd6 Bd7 23. Rh4 Rae8 24. c4 Qd8 25. Qg3 b6 26. c5 bxc5 27. Nxc5 f5 28. Bd5+ Nf7 29. Nxd7 Qxd7 30. Rc4 Rd8 31. Rc7 Qa4 32. Qd3 Rd7 33. Be6 Rdd8 34. Bxf7+ Rxf7 35. Qd5 Qe8 36. Rxa7 Kf8 1-0

[Event "Dundee & Angus op"]
[Site "Dundee"]
[Date "2010.10.15"]
[Round "1"]
[White "Patrick, Chaski"]
[Black "Campbell, Duncan AF"]
[Result "1-0"]
[WhiteElo "2181"]
[BlackElo "1792"]
[PlyCount "63"]
[EventDate "2010.10.15"]
[EventType "swiss"]
[EventRounds "5"]
[EventCountry "SCO"]
[SourceTitle "EXT 2017"]
[Source "ChessBase"]
[SourceDate "2016.10.25"]
[SourceVersion "1"]
[SourceVersionDate "2016.10.25"]
[SourceQuality "1"]

1. e4 e6 2. d4 d5 3. Nc3 Bb4 4. e5 b6 5. Qg4 Bf8 6. Bg5 Qd7 7. 0-0-0 Ba6 8. Bxa6 Nxa6 9. Qe2 Nb8 10. h4 a6 11. h5 h6 12. Bh4 b5 13. f4 b4 14. Nb1 Nc6 15. Nf3 a5 16. Rhe1 Nge7 17. g4 Nc8 18. f5 Be7 19. Bxe7 Qxe7 20. Rf1 Nb6 21. g5 exf5 22. e6 fxe6 23. Qb5 Qd7 24. Rde1 0-0 25. gxh6 gxh6 26. Rg1+ Kh7 27. Rg6 Rae8 28. Qe2 Nc8 29. Qe3 f4 30. Qe2 Rf5 31. Rxe6 Nd6 32. Rxe8 1-0